Kurzové rozdíly u účetních jednotek

Predpisy pre oceňovanie majetku v cudzích menách a pre účtovanie kurzových rozdielov. Príklady účtovania kurzových rozdielov v účtovníctve podnikateľov.

Salvato in:
Dettagli Bibliografici
Autore principale: Beneš, L.
Natura: Capitolo di libro
Lingua:ceco
Soggetti:
Tags: Aggiungi Tag
Nessun Tag, puoi essere il primo ad aggiungerne!!

MARC

LEADER 00000naa a2200000 4500
001 r014373
005 20221205080803.8
041 0 |a cze 
044 |a CZ 
245 1 0 |a Kurzové rozdíly u účetních jednotek  |c L. Beneš 
520 |a Predpisy pre oceňovanie majetku v cudzích menách a pre účtovanie kurzových rozdielov. Príklady účtovania kurzových rozdielov v účtovníctve podnikateľov. 
610 2 0 |a účtovníctvo 
610 2 0 |a podnikatelia 
610 2 0 |a oceňovanie 
610 2 0 |a kurz menový 
610 2 0 |a prípady účtovné 
100 1 |a Beneš, L.